Morality matters/ (Record no. 302012)
[ view plain ]
| 000 -LEADER | |
|---|---|
| fixed length control field | 00959nam a2200361 a 4500 |
| 001 - CONTROL NUMBER | |
| control field | vtls000345280 |
| 003 - CONTROL NUMBER IDENTIFIER | |
| control field | NLI |
| 005 - DATE AND TIME OF LATEST TRANSACTION | |
| control field | 20210602164154.0 |
| 008 - FIXED-LENGTH DATA ELEMENTS--GENERAL INFORMATION | |
| fixed length control field | 110113s2005 mau g 001 0 eng d |
| 020 ## - INTERNATIONAL STANDARD BOOK NUMBER | |
| International Standard Book Number | 0631235949 |
| Terms of availability | £ 45.00 |
| 020 ## - INTERNATIONAL STANDARD BOOK NUMBER | |
| International Standard Book Number | 0631235957 (pbk.) |
| 039 #9 - LEVEL OF BIBLIOGRAPHIC CONTROL AND CODING DETAIL [OBSOLETE] | |
| -- | 201101131936 |
| -- | VLOAD |
| 040 ## - CATALOGING SOURCE | |
| Original cataloging agency | NLI : |
| Language of cataloging | eng |
| Transcribing agency | NLMARC21 |
| 041 ## - LANGUAGE CODE | |
| Language code of text/sound track or separate title | eng |
| 044 ## - COUNTRY OF PUBLISHING/PRODUCING ENTITY CODE | |
| MARC country code | mau |
| 082 0# - DEWEY DECIMAL CLASSIFICATION NUMBER | |
| Classification number | 170 |
| Edition number | 22 |
| 100 1# - MAIN ENTRY--PERSONAL NAME | |
| Personal name | Trigg, Roger |
| 9 (RLIN) | 163351 |
| 245 10 - TITLE STATEMENT | |
| Title | Morality matters/ |
| Statement of responsibility, etc. | Rogger Trigg |
| 260 ## - PUBLICATION, DISTRIBUTION, ETC. | |
| Place of publication, distribution, etc. | Malden, Mass. : |
| Name of publisher, distributor, etc. | Blackwell, |
| Date of publication, distribution, etc. | 2005 |
| 300 ## - PHYSICAL DESCRIPTION | |
| Extent | viii, 179 p.; |
| Dimensions | 24 cm. |
| 504 ## - BIBLIOGRAPHY, ETC. NOTE | |
| Bibliography, etc. note | Glossary : 168 - 172 |
| 504 ## - BIBLIOGRAPHY, ETC. NOTE | |
| Bibliography, etc. note | Includes bibliographical references and index |
| 650 #0 - SUBJECT ADDED ENTRY--TOPICAL TERM | |
| Topical term or geographic name entry element | Ethics |
| 9 (RLIN) | 1373 |
| 650 #0 - SUBJECT ADDED ENTRY--TOPICAL TERM | |
| Topical term or geographic name entry element | Political ethics |
| 9 (RLIN) | 7952 |
| 887 ## - NON-MARC INFORMATION FIELD | |
| Content of non-MARC field | tapas ss |
| 901 ## - LOCAL DATA ELEMENT A, LDA (RLIN) | |
| a | 548277 |
| b | 23.09.04. |
| 902 ## - LOCAL DATA ELEMENT B, LDB (RLIN) | |
| a | E 170 T 734 |
| 904 ## - LOCAL DATA ELEMENT D, LDD (RLIN) | |
| a | tapas |
| 905 ## - LOCAL DATA ELEMENT E, LDE (RLIN) | |
| a | ss |
| 949 ## - LOCAL PROCESSING INFORMATION (OCLC) | |
| -- | VIRTUAITEM |
| -- | 10012 |
| -- | 100 |
| 6 | 548277 |
| 942 ## - ADDED ENTRY ELEMENTS (KOHA) | |
| Source of classification or shelving scheme | Dewey Decimal Classification |
| Koha item type | Books |
| Withdrawn status | Lost status | Damaged status | Not for loan | Collection code | Home library | Current library | Shelving location | Date acquired | Total Checkouts | Full call number | Barcode | Date last seen | Price effective from | Koha item type |
|---|---|---|---|---|---|---|---|---|---|---|---|---|---|---|
| New English | National Library of India | National Library of India | New English - Main Stack Division | E 170 T 734 | 548277 | 02/06/2021 | 02/06/2021 | Books |
